000 nam a22 7a 4500
999 _c45901
_d45901
003 OSt
005 20190409114856.0
008 190409b xxu||||| |||| 00| 0 eng d
040 _csero soft
100 _aDr.Kapil H.K
245 _aAapsamanya Manovigyan
260 _aAgra
_bHPB
300 _a564
942 _2ddc
_c01